ŠPECIALIZAČNÝ ŠTUDIJNÝ PROGRAM PRE ŠPECIALIZAČNÝ ODBOR RÁDIOLÓGIA

Podrobná bibliografia
Hlavný autor: Bilický, Jozef (Autor)
Ďalší autori: Žákovič, V. (Prekladateľ)
Médium: Článok
Jazyk:slovenčina

MARC

LEADER 00000nab a2200000ua 4500
001 vtls010823310
003 SK-MaSNL
005 20260303153528.0
008 230222s2006 xo |||||||||||||||||slo|
035 |a (urnnbn)urn:nbn:sk:snk:ar-a063cf 
035 |a urn:nbn:sk:snk-ab5q3a 
035 |a (uuid)da291c00-1380-430d-9be3-6197ae072cea 
040 |a SNKBUCL  |b slo  |c SNKBUCL  |e AACR2 
041 0 |a slo 
044 |a xo  |c SK 
100 1 |a Bilický, Jozef  |4 aut  |9 7921 
245 1 0 |a ŠPECIALIZAČNÝ ŠTUDIJNÝ PROGRAM PRE ŠPECIALIZAČNÝ ODBOR RÁDIOLÓGIA  |c Jozef Bilický, V. Žákovič 
700 1 |a Žákovič, V.  |4 trl  |9 1175363 
773 0 |t Slovenská rádiológia  |g Roč. 13, č. 2 (2006), s. [3]-73 
954 |a odborná, vedecká literatúra pôvodná (slovenská)  |2 lita 
958 |a OND 
958 |a EUIPO 
958 |a article5 
999 |c 2029018  |d 2030948